000 00355nam a2200145 i 4500
001 bg
100 1 _aEYKHOFF, Pieter
245 0 _aIdentyfikacja w układach dynamicznych /
_cPieter Eykhoff.
260 _aWarszawa,
_c1980.
040 _cBPK
041 _apol
080 _a681.5:621.391:007
942 _cKS
008 s pl f |000 0 pol
999 _c19705
_d19705
856 _uhttp://koha.tu.koszalin.pl/cgi-bin/koha/opac-detail.pl?biblionumber=19705
_yKatalog online BPK